1514 1631 1291 1919 1753 1472 1217 1763 1665 1245 1895 1309 1276 1221 1480 1725 1075 1479 1747 1264 1746 1732 1453 1818 1594 1095 1493 1701 1169 1606 1249 1645 1687 1691 1520 1934 1692 1229 1159 1263 1110 1241 1764 1373 1864 1583 1310 1438 1350 1431 1084 1136 1029 1922 1413 1942 1543 1127 1124 1239 1479 1102 1049 1787 1670 1270 1581 1530 1773 1800 1636 1710 1925 1484 1337 1038 1545 1605 1681 1994 1609 1103 1671 1801 1085 1629 1341 1899 1175 1314 1106 1328 1493 1245 1325 1523 1503 1123 1260 BCNSPRNW ULIB Ver.6.0+V

เปลี่ยนเป็นภาษาไทย

Change to English
 แสดงรายละเอียดบรรณานุกรม
  กลับหน้าหลัก

Brief Record : Get Marc (ISO 2709) : E-mail record : QR code < ปิดหน้าต่าง
LEADER : 00000nam 2200000uu 4500
001    13399125255
003     ULIB
008    161201s2559||||th 000 0 tha d
099    ^aวจ.WY159 ว384ผ
100 0  ^aนางวัชรา สุขแท้และนายมณฑล ทองนิตย์
110 1  ^aวิทยาลัยพยาบาลบรมราชชนนีสวรรค์ประชารักษ์ นครสวรรค์
245 00 ^aผลของการจัดการเรียนการสอนโดยใช้สถานการณ์จำลองเรื่องการพยาบาลทารกคลอดก่อนกำนดน้ำหนักตัวน้อยต่อความรู้และความคิดเห็นของนักศึกษาพยาบาล/^cนางวัชรา สุขแท้และนายมณฑล ทองนิตย์
260    ^aนครสวรรค์:^bวิทยาลัยพยาบาลบรมราชชนนีสวรรค์ประชารักษ์ นครสวรรค์,^c2559
300    ^a36 หน้า:^bตาราง;^c29ซม.
650  0 ^aวิจัย^bจำลอง
650  0 ^aการพยาบาล^bทารกคลอดก่อนกำหนด
945    ^p0^l0^i001566
999    ^aวรรณษา ชูชัยมงคล
รายการนี้ยังไม่มีแท็ก
คุณยังไม่ได้ล็อกอิน คุณสามารถมีกิจกรรมร่วมกับเว็บไซต์ได้ แต่ต้องล็อกอินก่อน ::
  ล็อกอิน

รายการสื่อสารสนเทศ

ลำดับที่ ประเภท เลขเรียก/บาร์โค้ด สถานที่ สถานะ
1. งานวิจัย
งานวิจัย
วจ.WY159 ว384ผ ฉ.1 
  Barcode: 001566
ห้องสมุดวิทยาเขตสวรรค์ประชารักษ์
►วิจัย
บนชั้น

BibComment


ยังไม่เคยถูกคอมเมนท์

คอมเมนท์ทรัพยากรรายการนี้
  คอมเมนท์: ผลของการจัดการเร..


 Copyright 2026. Bcnsprnw @Library